Muhammad S.A.W,ensiklopedia Sirah : peranan wanita Islam
| Main Author: | |
|---|---|
| Format: | Book |
| Published: |
Kuala Lumpur :
DBP ,
1993
|
| Edition: | Jilid 5 |
| Subjects: |
MARC
| LEADER | 00000cam a2200000 7i4500 | ||
|---|---|---|---|
| 001 | 0000004084 | ||
| 005 | 20140508.0 | ||
| 020 | |a 9836238670 | ||
| 090 | 0 | 0 | |a 297.63 |b AFZ |
| 100 | 0 | |a Afzalur Rahman | |
| 245 | 1 | 0 | |a Muhammad S.A.W,ensiklopedia Sirah : |b peranan wanita Islam |c Afzalur Rahman penterjemah Zaleha Ahmad |
| 250 | |a Jilid 5 | ||
| 260 | |a Kuala Lumpur : |b DBP , |c 1993 | ||
| 300 | |a 1007p. ; |c 24cm. | ||
| 650 | 0 | 0 | |a Muhammad, Prophet, d. 632 |
| 999 | |a 037283 |b ENSIKLOPEDIA DEWASA |c RUJUKAN |e PERPUSTAKAAN KOMUNITI PETALING JAYA | ||